Perspectivas de la institución universitaria en Panamá /
Wedi'i Gadw mewn:
| Prif Awdur: | |
|---|---|
| Fformat: | Texto |
| Pynciau: | |
| Tagiau: |
Ychwanegu Tag
Dim Tagiau, Byddwch y cyntaf i dagio'r cofnod hwn!
|
MARC
| LEADER | 00000 a a2200000 04500 | ||
|---|---|---|---|
| 001 | 7876 | ||
| 003 | |||
| 040 | |||
| 100 | |a Adames, Abdiel | ||
| 245 | |a Perspectivas de la institución universitaria en Panamá / |c Abdiel Adames | ||
| 650 | |a UNIVERSIDADES | ||
| 650 | |a PANAMA | ||
| 650 | |a CRISIS | ||
| 650 | |a ENSEÑANZA | ||
| 650 | |a MODELOS ECONOMICOS | ||
| 650 | |a SECTORES DE LA ECONOMIA | ||
| 650 | |a MODERNIZACION | ||
| 650 | |a MEDIOS DE ENSEÑANZA | ||
| 773 | |g número 48; páginas 7-16 | ||
| 999 | |c 24726 |d 24726 | ||
| 773 | 0 | |0 18875 |9 5293 |a Universidad de Costa Rica. |d San José, Costa Rica: Universidad de Costa Rica. Consejo Superior Universitario Centroamericano, 1972- |o 14337 |t Estudios Sociales Centroamericanos / |x 03039676 | |
